000 00420nam a2200181Ia 4500
005 20250423101405.0
008 250422s9999 xx 000 0 und d
020 _a978-978-52182-4-4
050 _aKP 81 .O6/
100 _aOkoro,c Barnabas
245 4 _aThe Police,Law and your Right.
260 _aLagos
260 _bPrinceton
260 _c2013
300 _a240 p
650 _aHUMAN RIGHT LAW
942 _cBK
999 _c36169
_d36169